| 000 | 00923cab a2200265 4500 | ||
|---|---|---|---|
| 001 | ABS46020 | ||
| 008 | 090401t1992 xxu||||| |||| 00| 0 eng d | ||
| 035 | _a(Sirsi) u56393 | ||
| 041 | _aeng | ||
| 100 | _aOdusote, O.O. | ||
| 245 | 3 | _aAn examination of the importance of resource considerations when contractors make project selection decisions | |
| 260 | _c1992 | ||
| 350 | _a0 | ||
| 490 |
_aConstruction Management & Economics _v10(2) March 1992, 137-151(8) |
||
| 520 | _aReview of a survey which shows that the ability of the client to pay for the work is the most important factor contractors consider when making project selection decisions. | ||
| 650 | _aCLIENTS | ||
| 650 | _aPROJECT SELECTION DECISIONS | ||
| 650 | _aRESEARCH | ||
| 650 | _aTENDERING DECISION MODEL | ||
| 650 | _aTENDERING PROCESS | ||
| 690 | _aBUILT ENVIRONMENT | ||
| 700 | _aFellows, R.F. | ||
| 942 | _n0 | ||
| 948 | _c04/03/1997 | ||
| 999 |
_c34389 _d34389 |
||